• 首页
  • 本馆介绍
  • 公告通知
  • 最新文献
  • 馆藏检索
  • 电子资源
  • 读者导购
  • 参考咨询
  • 我的图书馆
  • 登录
  • 详细信息显示
  • 放入我的书架
  • 预约/预借图书
  • 作者相关作品
  • 分类相关作品
  • 丛书相关作品
  • 出版社相关作品

书目信息

  • 表格格式
  • 工作单格式
  • 卡片格式
题名:
人生的职责
    
 
作者: 塞缪尔·斯迈尔斯 著 ;李柏光 译
分册:  
出版信息: 北京   书目文献出版社  2001.10
页数: 340页
开本: 大32开
丛书名:
单 册:
中图分类: B824
科图分类:
主题词: 社会--道德
电子资源:
ISBN: 7-5013-1672-4
000 00652nam0 2200217 45
001 0206091695
005 20020609160419.9
010    @a7-5013-1672-4@d20.00元
100    @a20020609d2001 km y0chiy0120 ea
101 0  @achi
105    @a z 000yy
200 1  @a人生的职责@ARen Sheng De Zhi Ze@f(英)塞缪尔·斯迈尔斯著@F(Ying)Sai Miao Er·Si Mai Er Si Zhu@g李柏光等译
205    @a2版
210    @a北京@c书目文献出版社@d2001.10
215    @a340页@d大32开
606 0  @a社会@x道德
690    @aB824@v3
701  0 @a塞缪尔·斯迈尔斯@4著
702  0 @a李柏光@ALi Bai Guang@4译
801    @aCN@bPftUser@c20020609
905    @aBZT@b340165-166@dB824@e1@f2
    
    人生的职责/(英)塞缪尔·斯迈尔斯著/李柏光等译.-2版.-北京:书目文献出版社,2001.10
    340页;大32开
    
    
    ISBN 7-5013-1672-4:20.00元
    
●
相关链接 在五车中查询图书 在当当中查询图书 在豆瓣中查询图书


正题名:人生的职责     索取号:B824/1         预约/预借

序号 登录号 条形码 馆藏地/架位号 状态 备注
1 340165   201164239   中心书库南/003架B面5层2列/ [索取号:B824/1] 在馆    
2 340166   201164220   中心书库南/003架B面5层2列/ [索取号:B824/1] 在馆    
山东省滨州职业学院图书馆 欢迎您!
大连网信软件有限公司© 版权所有